[Event "RUS-chT2"]
[Site "Sochi"]
[Date "2021.05.07"]
[Round "6.2"]
[White "Pogromsky, Mikhail"]
[Black "Sharikov, Alexander"]
[Result "1-0"]
[WhiteElo "2422"]
[BlackElo "2069"]
[PlyCount "73"]
[EventDate "2021.05.01"]
[EventType "team-swiss"]
[EventRounds "9"]
[EventCountry "RUS"]
[SourceTitle "CBM 202 Extra"]
[Source "ChessBase"]
[SourceDate "2021.07.31"]
[SourceVersion "1"]
[SourceVersionDate "2021.07.31"]
[SourceQuality "1"]
[WhiteTeam "Sverdlovsk Region PShK"]
[BlackTeam "Samara Zhiguli"]
[WhiteTeamCountry "RUS"]
[BlackTeamCountry "RUS"]

1. Nf3 Nf6 2. c4 e6 3. g3 a6 4. Bg2 b5 5. b3 Bb7 6. 0-0 Be7 7. Bb2 bxc4 8. bxc4 c5 9. Nc3 0-0 10. Rb1 Qc7 11. e3 d6 12. Ba1 Nbd7 13. Qe2 Rab8 14. d3 Ba8 15. Rbd1 Rfc8 16. h3 Qa5 17. g4 h6 18. Ne1 Bxg2 19. Nxg2 Re8 20. f4 Nh7 21. h4 g6 22. f5 Bf6 23. fxg6 fxg6 24. Qc2 g5 25. d4 cxd4 26. Qg6+ Kh8 27. exd4 Re7 28. Ne4 Rg8 29. Qxh6 Bg7 30. Qh5 Qxa2 31. hxg5 d5 32. g6 Bf8 33. Ng5 Rxg6 34. Qxg6 Rg7 35. Nf7+ Kg8 36. Qxe6 Qe2 37. Qxe2 1-0

[Event "RUS-chT2"]
[Site "Sochi"]
[Date "2021.05.05"]
[Round "5.3"]
[White "Mikhailovsky, Vladimir"]
[Black "Pogromsky, Mikhail"]
[Result "1/2-1/2"]
[WhiteElo "2216"]
[BlackElo "2422"]
[PlyCount "111"]
[EventDate "2021.05.01"]
[EventType "team-swiss"]
[EventRounds "9"]
[EventCountry "RUS"]
[SourceTitle "CBM 202 Extra"]
[Source "ChessBase"]
[SourceDate "2021.07.31"]
[SourceVersion "1"]
[SourceVersionDate "2021.07.31"]
[SourceQuality "1"]
[WhiteTeam "Karpov Chess School"]
[BlackTeam "Sverdlovsk Region PShK"]
[WhiteTeamCountry "RUS"]
[BlackTeamCountry "RUS"]

1. e4 Nf6 2. e5 Nd5 3. d4 d6 4. Nf3 dxe5 5. Nxe5 c6 6. Be2 g6 7. 0-0 Bg7 8. c4 Nc7 9. Be3 0-0 10. Nc3 Nd7 11. Nf3 e5 12. Qd2 exd4 13. Nxd4 Ne5 14. h3 Ne6 15. Rad1 Nxd4 16. Bxd4 Be6 17. b3 Qa5 18. Ne4 Qxd2 19. Rxd2 Nd7 20. Bxg7 Kxg7 21. Rfd1 Nf6 22. Nc5 Rab8 23. Nxe6+ fxe6 24. b4 Kf7 25. Rd6 Rfe8 26. Bf3 g5 27. Kf1 Rbc8 28. Ke2 Rc7 29. R6d2 Ke7 30. Ke3 Rg8 31. g3 Rd7 32. a4 Rxd2 33. Rxd2 h5 34. Bg2 Nd7 35. a5 Ne5 36. Bf1 g4 37. h4 Rf8 38. Be2 a6 39. Rd4 c5 40. Re4 Nc6 41. bxc5 Rf5 42. f3 gxf3 43. Bxf3 Rxc5 44. g4 hxg4 45. Rxg4 Ne5 46. Rg7+ Kf6 47. Rxb7 Rxc4 48. Be2 Rxh4 49. Bxa6 Ra4 50. Rb5 Nc4+ 51. Kd3 Nxa5 52. Rb6 Nb3 53. Rxb3 Rxa6 54. Rb5 e5 55. Rb8 Ra3+ 56. Ke4 1/2-1/2

[Event "Titled Tuesday intern op 14th July"]
[Site "Chess.com INT"]
[Date "2020.07.14"]
[Round "4"]
[White "Mamedjarova, Turkan"]
[Black "Pogromsky, Mikhail"]
[Result "1-0"]
[WhiteElo "2309"]
[BlackElo "2422"]
[PlyCount "89"]
[EventDate "2020.07.14"]
[EventType "swiss (blitz)"]
[EventRounds "10"]
[EventCountry "USA"]
[SourceTitle "CBM 197 Extra"]
[Source "ChessBase"]
[SourceDate "2020.09.30"]
[SourceVersion "1"]
[SourceVersionDate "2020.09.30"]
[SourceQuality "1"]

1. d4 Nf6 2. c4 e6 3. Nc3 Bb4 4. Qc2 Nc6 5. Nf3 d6 6. e4 0-0 7. Bd3 e5 8. dxe5 dxe5 9. 0-0 Bg4 10. Be2 Bxf3 11. Bxf3 Nd4 12. Qd1 c6 13. g3 Bxc3 14. bxc3 Nxf3+ 15. Qxf3 h6 16. Rd1 Qe7 17. a4 Rfd8 18. Ba3 Qe6 19. Qe2 Rd7 20. Rxd7 Nxd7 21. a5 Nf6 22. Rb1 Qd7 23. Qe3 Qc7 24. Bb4 b6 25. axb6 axb6 26. c5 b5 27. Rd1 Ne8 28. Qe2 Rd8 29. Ra1 Qd7 30. c4 bxc4 31. Qxc4 Qd4 32. Qxd4 Rxd4 33. Ra8 Kf8 34. Ba5 Rxe4 35. Bc7 Ke7 36. Bd8+ Kd7 37. Bb6 Rc4 38. Rd8+ Ke7 39. Rc8 Nf6 40. Rxc6 Nd7 41. Rc7 Ke6 42. Ra7 f5 43. Ra6 Kd5 44. Ra7 Nxc5 45. Rxg7 1-0

[Event "RUS-ch blitz"]
[Site "Sochi"]
[Date "2019.10.17"]
[Round "2"]
[White "Lysyj, Igor"]
[Black "Pogromsky, Mikhail"]
[Result "1-0"]
[WhiteElo "2596"]
[BlackElo "2411"]
[PlyCount "89"]
[EventDate "2019.10.17"]
[EventType "swiss (blitz)"]
[EventRounds "15"]
[EventCountry "RUS"]
[SourceTitle "CBM 192 Extra"]
[Source "Chessbase"]
[SourceDate "2019.11.06"]
[SourceVersion "1"]
[SourceVersionDate "2019.11.06"]
[SourceQuality "1"]

1. d4 Nf6 2. c4 e6 3. Nf3 d5 4. g3 g6 5. Bg2 Bg7 6. 0-0 0-0 7. Qc2 Nc6 8. Rd1 Ne4 9. Nc3 f5 10. a3 h6 11. b4 g5 12. cxd5 exd5 13. Bb2 Be6 14. e3 Qe8 15. Ne2 Rc8 16. Ne5 Bd7 17. Qb3 Nf6 18. Nc3 Ne7 19. b5 Be6 20. a4 Rd8 21. Ba3 Kh7 22. Rac1 Rg8 23. Qc2 Ng6 24. Ne2 Rc8 25. Qb2 Ne4 26. Nxg6 Qxg6 27. Qc2 Nd6 28. Bxd6 cxd6 29. Qb3 Rc4 30. Rc3 Rgc8 31. Rdc1 Qh5 32. Bf1 Qf3 33. R3c2 f4 34. Rxc4 dxc4 35. Qc2+ Kh8 36. Bg2 Qg4 37. exf4 gxf4 38. Nxf4 Bxd4 39. Re1 Be5 40. Ng6+ Kg7 41. Nxe5 dxe5 42. Rxe5 c3 43. Bxb7 Rd8 44. Qxc3 Rd1+ 45. Re1+ 1-0

[Event "RUS-ch blitz"]
[Site "Sochi"]
[Date "2019.10.17"]
[Round "10"]
[White "Pogromsky, Mikhail"]
[Black "Airapetian, Gor"]
[Result "1-0"]
[WhiteElo "2411"]
[BlackElo "2447"]
[PlyCount "75"]
[EventDate "2019.10.17"]
[EventType "swiss (blitz)"]
[EventRounds "15"]
[EventCountry "RUS"]
[SourceTitle "CBM 192 Extra"]
[Source "Chessbase"]
[SourceDate "2019.11.06"]
[SourceVersion "1"]
[SourceVersionDate "2019.11.06"]
[SourceQuality "1"]

1. Nf3 d5 2. d4 Nf6 3. c4 e6 4. g3 dxc4 5. Bg2 Bb4+ 6. Nc3 c6 7. 0-0 Nbd7 8. a4 0-0 9. Qc2 Qe7 10. Nd2 e5 11. d5 cxd5 12. Nxd5 Nxd5 13. Bxd5 Nb6 14. Be4 f5 15. Bg2 Be6 16. a5 Nd7 17. a6 Nc5 18. axb7 Nxb7 19. Nxc4 Rac8 20. b3 Nc5 21. Rb1 e4 22. Bf4 Nxb3 23. Qxb3 Bxc4 24. Qxb4 Qxb4 25. Rxb4 Bxe2 26. Ra1 a6 27. Bf1 Bxf1 28. Kxf1 Rc6 29. Rb7 Rf7 30. Rb8+ Rf8 31. Rb4 Rfc8 32. Kg2 Kf7 33. Be5 g6 34. Bf4 Ke6 35. Rb7 h5 36. h4 Kd5 37. Ra7 Kc4 38. R7xa6 1-0

[Event "RUS-ch blitz"]
[Site "Sochi"]
[Date "2019.10.17"]
[Round "8"]
[White "Pogromsky, Mikhail"]
[Black "Gutenev, Alexander"]
[Result "0-1"]
[WhiteElo "2411"]
[BlackElo "2469"]
[PlyCount "98"]
[EventDate "2019.10.17"]
[EventType "swiss (blitz)"]
[EventRounds "15"]
[EventCountry "RUS"]
[SourceTitle "CBM 192 Extra"]
[Source "Chessbase"]
[SourceDate "2019.11.06"]
[SourceVersion "1"]
[SourceVersionDate "2019.11.06"]
[SourceQuality "1"]

1. Nf3 Nf6 2. b3 b6 3. g3 g6 4. Bb2 Bg7 5. Bg2 Bb7 6. c4 0-0 7. 0-0 e6 8. d4 d5 9. Ne5 Na6 10. Nc3 Qe7 11. Rc1 Rfd8 12. cxd5 exd5 13. e3 c6 14. Nb1 Rac8 15. Bh3 Rc7 16. Ba3 c5 17. Nc3 Qe8 18. Qe2 cxd4 19. exd4 Ne4 20. Nb5 Rxc1 21. Rxc1 Bxe5 22. dxe5 Nac5 23. Nd4 Qxe5 24. Bb2 Qg5 25. Re1 Ba6 26. Qe3 Nd3 27. Re2 Ndxf2 28. Bf1 Bxe2 29. Qxe2 Ng4 30. Nc2 Qf5 31. Bd4 Ng5 32. Bg2 f6 33. Nb4 Ne5 34. Bxd5+ Rxd5 35. Nxd5 Nef3+ 36. Kg2 Qxd5 37. Qe8+ Kg7 38. Qe7+ Kg8 39. Qe8+ Kg7 40. Qe7+ Nf7 41. Bxf6+ Kh6 42. g4 N3g5+ 43. Kf2 Ne4+ 44. Kf1 Qd1+ 45. Kg2 Qe2+ 46. Kh3 Qf3+ 47. Kh4 Qf2+ 48. Kh3 Neg5+ 49. Bxg5+ Nxg5+ 0-1

[Event "RUS-ch blitz"]
[Site "Sochi"]
[Date "2019.10.17"]
[Round "15"]
[White "Pogromsky, Mikhail"]
[Black "Samusenko, Maksim"]
[Result "1-0"]
[WhiteElo "2411"]
[BlackElo "2445"]
[PlyCount "75"]
[EventDate "2019.10.17"]
[EventType "swiss (blitz)"]
[EventRounds "15"]
[EventCountry "RUS"]
[SourceTitle "CBM 192 Extra"]
[Source "Chessbase"]
[SourceDate "2019.11.06"]
[SourceVersion "1"]
[SourceVersionDate "2019.11.06"]
[SourceQuality "1"]

1. Nf3 Nf6 2. c4 g6 3. Nc3 Bg7 4. d4 0-0 5. h3 d6 6. Bg5 c6 7. e3 Nbd7 8. Be2 a6 9. 0-0 b5 10. a3 bxc4 11. Bxc4 a5 12. b4 Bb7 13. Qb3 axb4 14. axb4 h6 15. Bf4 Qb6 16. Rxa8 Bxa8 17. Ra1 Bb7 18. Be2 Nh5 19. Bh2 Kh7 20. Nd2 Nhf6 21. Nc4 Qc7 22. Na5 Ba8 23. Rc1 Qa7 24. Na4 Nb6 25. Nxb6 Qxb6 26. Bf3 c5 27. Bxa8 Rxa8 28. dxc5 dxc5 29. Qxf7 cxb4 30. Nb3 Qd8 31. Be5 Qd5 32. Qxd5 Nxd5 33. Bxg7 Kxg7 34. Rc5 e6 35. Nd4 Kf6 36. Rb5 Ra6 37. Nc2 Ra1+ 38. Nxa1 1-0

[Event "RUS-ch rapid"]
[Site "Sochi"]
[Date "2019.10.16"]
[Round "7"]
[White "Pogromsky, Mikhail"]
[Black "Moiseenko, Vadim"]
[Result "1/2-1/2"]
[WhiteElo "2411"]
[BlackElo "2532"]
[PlyCount "68"]
[EventDate "2019.10.15"]
[EventType "swiss"]
[EventRounds "11"]
[EventCountry "RUS"]
[SourceTitle "CBM 192 Extra"]
[Source "Chessbase"]
[SourceDate "2019.11.06"]
[SourceVersion "1"]
[SourceVersionDate "2019.11.06"]
[SourceQuality "1"]

1. Nf3 Nf6 2. c4 b6 3. g3 Bb7 4. Bg2 g6 5. b3 Bg7 6. Bb2 0-0 7. 0-0 e6 8. d4 d6 9. Nc3 Ne4 10. Rc1 Nd7 11. Nxe4 Bxe4 12. Qd2 a5 13. Ne1 Bxg2 14. Kxg2 Qe7 15. Nd3 c6 16. e4 a4 17. Rfe1 e5 18. dxe5 dxe5 19. c5 bxc5 20. Qc3 Rfb8 21. Nxc5 axb3 22. axb3 Nxc5 23. Qxc5 Qxc5 24. Rxc5 Rxb3 25. Bxe5 Bxe5 26. Rxe5 Rc3 27. Re2 Kf8 28. Rd2 Ra7 29. g4 Kg7 30. h4 h6 31. g5 hxg5 32. hxg5 Rca3 33. Rd6 R3a5 34. Rxa5 Rxa5 1/2-1/2

[Event "RUS-ch rapid"]
[Site "Sochi"]
[Date "2019.10.16"]
[Round "8"]
[White "Sakaev, Konstantin"]
[Black "Pogromsky, Mikhail"]
[Result "1-0"]
[WhiteElo "2595"]
[BlackElo "2411"]
[PlyCount "55"]
[EventDate "2019.10.15"]
[EventType "swiss"]
[EventRounds "11"]
[EventCountry "RUS"]
[SourceTitle "CBM 192 Extra"]
[Source "Chessbase"]
[SourceDate "2019.11.06"]
[SourceVersion "1"]
[SourceVersionDate "2019.11.06"]
[SourceQuality "1"]

1. d4 Nf6 2. c4 e6 3. Nc3 Bb4 4. f3 d5 5. a3 Bxc3+ 6. bxc3 c5 7. cxd5 Nxd5 8. dxc5 Qa5 9. e4 Ne7 10. Be3 Nd7 11. Qb3 Nc6 12. Bb5 a6 13. Bxc6 bxc6 14. Qb4 Qc7 15. Ne2 a5 16. Qd4 Qe5 17. Bf4 Qxc5 18. Qxg7 Rf8 19. Rd1 e5 20. Bh6 Ba6 21. Qg4 Nf6 22. Qg5 Rg8 23. Qxf6 Bxe2 24. Rd2 Rb8 25. Bg5 Rxg5 26. Qxg5 Bxf3 27. gxf3 Rb1+ 28. Ke2 1-0

[Event "Eurasia Cup op"]
[Site "Ekaterinburg"]
[Date "2019.08.05"]
[Round "5"]
[White "Chigaeva, Anastasia"]
[Black "Pogromsky, Mikhail"]
[Result "0-1"]
[WhiteElo "2193"]
[BlackElo "2414"]
[PlyCount "156"]
[EventDate "2019.07.31"]
[EventType "swiss"]
[EventRounds "9"]
[EventCountry "RUS"]
[SourceTitle "CBM 191 Extra"]
[Source "ChessBase"]
[SourceDate "2019.09.30"]
[SourceVersion "1"]
[SourceVersionDate "2019.09.30"]
[SourceQuality "1"]

1. d4 Nf6 2. c4 g6 3. Nc3 d5 4. e3 Bg7 5. Qb3 c6 6. Nf3 0-0 7. Qa3 a5 8. b3 Na6 9. Be2 Nb4 10. Qb2 Bf5 11. 0-0 Nd3 12. Qd2 Nxc1 13. Raxc1 Ne4 14. Qb2 Nxc3 15. Qxc3 Qd6 16. Rfd1 Rfc8 17. c5 Qc7 18. Ne5 f6 19. Nd3 e5 20. Nb2 e4 21. Na4 Rf8 22. Nb6 Ra7 23. a3 Be6 24. f3 exf3 25. gxf3 f5 26. f4 h6 27. Qe1 g5 28. Qg3 g4 29. h4 Bf6 30. Kf2 Qe7 31. Rh1 Bf7 32. Bd3 Bg6 33. h5 Bh7 34. Rce1 Kf7 35. Kg2 Rg8 36. Kf2 Qe8 37. Kg2 Qe6 38. Qf2 Qe7 39. Qg3 Ke6 40. Qf2 Qf8 41. Qc2 Bd8 42. Na4 Bc7 43. Nb2 Ra8 44. Be2 Rg7 45. Nd3 Bg8 46. Ne5 Bxe5 47. dxe5 Ke7 48. Bd3 Be6 49. Rb1 Qc8 50. Qf2 Rf7 51. Qc2 Qd8 52. Kg3 Kf8 53. Rhd1 Qc7 54. Rbc1 Kg7 55. Rb1 b5 56. Be2 Rff8 57. Bxg4 Kh8 58. Bf3 Rg8+ 59. Kf2 Qe7 60. Rh1 Rg7 61. Rbg1 Rag8 62. Rxg7 Qxg7 63. Kf1 b4 64. a4 Bc8 65. Qf2 Qe7 66. Qc2 Ba6+ 67. Ke1 Qg7 68. Qf2 Qe7 69. Qc2 Qg7 70. Qf2 Bd3 71. Kd2 Be4 72. Bxe4 dxe4 73. Ke2 Rd8 74. Rg1 Qd7 75. Qh4 Qd2+ 76. Kf1 Qd1+ 77. Kg2 Qf3+ 78. Kh2 Rd2+ 0-1

[Event "RUS-chT2"]
[Site "Sochi"]
[Date "2019.05.10"]
[Round "9.1"]
[White "Gharagyozyan, Artur"]
[Black "Pogromsky, Mikhail"]
[Result "0-1"]
[WhiteElo "2321"]
[BlackElo "2415"]
[PlyCount "116"]
[EventDate "2019.05.01"]
[EventType "team-swiss"]
[EventRounds "9"]
[EventCountry "RUS"]
[SourceTitle "CBM 190 Extra"]
[Source "ChessBase"]
[SourceDate "2019.07.15"]
[SourceVersion "1"]
[SourceVersionDate "2019.07.15"]
[SourceQuality "1"]
[WhiteTeam "Alania RNO"]
[BlackTeam "Sverdlovsk Region"]
[WhiteTeamCountry "RUS"]
[BlackTeamCountry "RUS"]

1. e4 Nf6 2. Nc3 d5 3. exd5 Nxd5 4. Bc4 c6 5. Qf3 e6 6. Nge2 Nd7 7. d4 Qf6 8. Qxf6 N7xf6 9. Nxd5 cxd5 10. Bb5+ Bd7 11. Bxd7+ Kxd7 12. Bf4 Be7 13. f3 Rhc8 14. c3 b5 15. a3 a5 16. Bg5 Bd6 17. Bxf6 gxf6 18. f4 h5 19. h4 Rg8 20. Kf2 Rg4 21. Kf3 Rag8 22. g3 e5 23. dxe5 fxe5 24. fxe5 Bxe5 25. Rad1 Kc6 26. Rhg1 f5 27. Nd4+ Kc5 28. b4+ Kc4 29. Nc6 Bc7 30. Rd4+ Rxd4 31. cxd4 axb4 32. axb4 Bd6 33. Rc1+ Kb3 34. Rb1+ Kc2 35. Rg1 Rg7 36. Rg2+ Kc3 37. Rg1 Rc7 38. Ke3 Rg7 39. Ne5 Bxe5 40. dxe5 d4+ 41. Kf4 d3 42. e6 d2 43. Kxf5 Kxb4 44. Kf6 Rxg3 45. Rxg3 d1Q 46. Rg5 Qd4+ 47. Kg6 Qd6 48. Kf7 Qf4+ 49. Kg6 Qf8 50. Kxh5 Qe8+ 51. Rg6 Kc5 52. Kg5 b4 53. Kf6 Qf8+ 54. Ke5 b3 55. Rg2 Qh8+ 56. Kf5 b2 57. Rxb2 Qxb2 58. e7 Qe2 0-1

[Event "RUS-chT2"]
[Site "Sochi"]
[Date "2019.05.05"]
[Round "5.1"]
[White "Smirnov, Timofey"]
[Black "Pogromsky, Mikhail"]
[Result "0-1"]
[WhiteElo "2354"]
[BlackElo "2415"]
[PlyCount "160"]
[EventDate "2019.05.01"]
[EventType "team-swiss"]
[EventRounds "9"]
[EventCountry "RUS"]
[SourceTitle "CBM 190 Extra"]
[Source "ChessBase"]
[SourceDate "2019.07.15"]
[SourceVersion "1"]
[SourceVersionDate "2019.07.15"]
[SourceQuality "1"]
[WhiteTeam "Moscow Summer Sports"]
[BlackTeam "Sverdlovsk Region"]
[WhiteTeamCountry "RUS"]
[BlackTeamCountry "RUS"]

1. e4 c5 2. Nf3 a6 3. c4 Nc6 4. d4 cxd4 5. Nxd4 e5 6. Nf5 d6 7. Ne3 g6 8. Nc3 Bg7 9. Ned5 Nf6 10. Nxf6+ Bxf6 11. Bh6 Be6 12. Bd3 Bg5 13. Bxg5 Qxg5 14. 0-0 Nd4 15. Kh1 0-0 16. Ne2 Nc6 17. f4 exf4 18. Nxf4 Qe5 19. Qd2 Rac8 20. Rad1 Qa5 21. Qxa5 Nxa5 22. b3 Nc6 23. Be2 Rcd8 24. Rd2 Rd7 25. Rfd1 Rfd8 26. Kg1 Kf8 27. h4 Ne5 28. Kf2 Ke7 29. Ke3 h6 30. Nd3 Nxd3 31. Rxd3 Rc8 32. Rd4 a5 33. R1d2 Rc6 34. Bf3 Rc5 35. Be2 Rc6 36. Bf3 Rb6 37. Kf4 Rc7 38. e5 g5+ 39. hxg5 hxg5+ 40. Ke4 dxe5 41. Kxe5 f6+ 42. Ke4 a4 43. R4d3 Rb4 44. Kd4 axb3 45. axb3 b5 46. Kc3 Rxb3+ 47. Kxb3 bxc4+ 48. Kc3 cxd3+ 49. Kxd3 f5 50. g3 Kf6 51. Ke3 g4 52. Bg2 Ra7 53. Rb2 Ra3+ 54. Kf2 Bc4 55. Rc2 Bb5 56. Rb2 Bd3 57. Bh1 Ra1 58. Bg2 Ke5 59. Ke3 Ra3 60. Rd2 Bc4+ 61. Kf2 Rc3 62. Bb7 Bd3 63. Ra2 Rb3 64. Ra5+ Kf6 65. Bd5 Rc3 66. Ra2 Be4 67. Bxe4 fxe4 68. Ra5 Rf3+ 69. Kg2 e3 70. Ra6+ Ke5 71. Ra5+ Kd4 72. Ra4+ Kd3 73. Ra3+ Kc2 74. Ra2+ Kb3 75. Ra8 Rf2+ 76. Kg1 Kc3 77. Ra4 Kd3 78. Rxg4 Rd2 79. Rg8 Rd1+ 80. Kg2 e2 0-1

[Event "RUS-chT blitz"]
[Site "Sochi"]
[Date "2018.10.10"]
[Round "8.6"]
[White "Apryshko, Gleb"]
[Black "Pogromsky, Mikhail"]
[Result "0-1"]
[WhiteElo "2399"]
[BlackElo "2415"]
[PlyCount "102"]
[EventDate "2018.10.10"]
[EventType "team-swiss (blitz)"]
[EventRounds "15"]
[EventCountry "RUS"]
[SourceTitle "CBM 186 Extra"]
[Source "ChessBase"]
[SourceDate "2018.08.24"]
[SourceVersion "1"]
[SourceVersionDate "2018.08.24"]
[SourceQuality "1"]
[WhiteTeam "Karpov Chess School"]
[BlackTeam "Nizhny Tagil Politekhnik"]
[WhiteTeamCountry "RUS"]
[BlackTeamCountry "RUS"]

1. e4 Nf6 2. Nc3 d5 3. e5 Nfd7 4. d4 c5 5. e6 fxe6 6. Nf3 a6 7. dxc5 Nc6 8. Be3 Nf6 9. Na4 e5 10. Nb6 Rb8 11. c3 e4 12. Nd4 e5 13. Nxc6 bxc6 14. Qa4 Qc7 15. 0-0-0 Be6 16. g4 h6 17. h4 Be7 18. Bh3 Kf7 19. g5 hxg5 20. Bxe6+ Kxe6 21. hxg5 Ng4 22. Nxd5 cxd5 23. Qxa6+ Kf5 24. Rxh8 Rxh8 25. Rg1 Bxc5 26. Bxc5 Qxc5 27. Qb7 Rh4 28. Qf7+ Kxg5 29. Qxg7+ Kf5 30. Qf7+ Kg5 31. Qg7+ Kf5 32. Qf7+ Nf6 33. Rg6 Qb6 34. Rg7 Rh1+ 35. Kc2 Qxf2+ 36. Kb3 Qb6+ 37. Ka3 Rh6 38. Rg2 e3 39. Qg7 Rh5 40. Rg3 e4 41. Qg6+ Ke6 42. Qg7 Qd6+ 43. Kb3 d4 44. cxd4 Rb5+ 45. Kc2 Qxd4 46. b3 Rc5+ 47. Kb1 Qd2 48. Rg1 e2 49. Qg3 Qd1+ 50. Kb2 Qd2+ 51. Kb1 Qd3+ 0-1

[Event "RUS-chT blitz"]
[Site "Sochi"]
[Date "2018.10.10"]
[Round "13.4"]
[White "Gutenev, Alexander"]
[Black "Pogromsky, Mikhail"]
[Result "1-0"]
[WhiteElo "2456"]
[BlackElo "2415"]
[PlyCount "65"]
[EventDate "2018.10.10"]
[EventType "team-swiss (blitz)"]
[EventRounds "15"]
[EventCountry "RUS"]
[SourceTitle "CBM 186 Extra"]
[Source "ChessBase"]
[SourceDate "2018.08.24"]
[SourceVersion "1"]
[SourceVersionDate "2018.08.24"]
[SourceQuality "1"]
[WhiteTeam "Yuzhnyy Ural"]
[BlackTeam "Nizhny Tagil Politekhnik"]
[WhiteTeamCountry "RUS"]
[BlackTeamCountry "RUS"]

1. e4 Nf6 2. e5 Nd5 3. d4 d6 4. c4 Nb6 5. exd6 exd6 6. Nc3 Be7 7. Bd3 Nc6 8. Be3 0-0 9. b3 Re8 10. Nge2 Bg4 11. 0-0 Bf6 12. Qd2 Qd7 13. f3 Bf5 14. Be4 Bg6 15. Rad1 Rab8 16. Nf4 Bg5 17. Nxg6 Bxe3+ 18. Qxe3 hxg6 19. Qf4 Ne7 20. c5 Nbc8 21. Qg5 c6 22. d5 cxd5 23. Nxd5 Nxd5 24. Bxd5 Re5 25. Qg3 Qe7 26. cxd6 Nxd6 27. f4 Re3 28. Qxg6 Re2 29. Qg3 Nf5 30. Qd3 Qe3+ 31. Kh1 Qxd3 32. Rxd3 Ne3 33. Bf3 1-0

[Event "RUS-chT blitz"]
[Site "Sochi"]
[Date "2018.10.10"]
[Round "4.6"]
[White "Murzin, Volodar"]
[Black "Pogromsky, Mikhail"]
[Result "1-0"]
[WhiteElo "2340"]
[BlackElo "2415"]
[PlyCount "107"]
[EventDate "2018.10.10"]
[EventType "team-swiss (blitz)"]
[EventRounds "15"]
[EventCountry "RUS"]
[SourceTitle "CBM 186 Extra"]
[Source "ChessBase"]
[SourceDate "2018.08.24"]
[SourceVersion "1"]
[SourceVersionDate "2018.08.24"]
[SourceQuality "1"]
[WhiteTeam "Sochi Archibald Chess"]
[BlackTeam "Nizhny Tagil Politekhnik"]
[WhiteTeamCountry "RUS"]
[BlackTeamCountry "RUS"]

1. e4 Nf6 2. e5 Nd5 3. d4 d6 4. c4 Nb6 5. Nf3 Bg4 6. Nc3 dxe5 7. dxe5 Qxd1+ 8. Nxd1 Nc6 9. Bf4 Bxf3 10. gxf3 e6 11. Nc3 Nd7 12. 0-0-0 a6 13. Re1 Bc5 14. Bg3 Bd4 15. f4 Bxc3 16. bxc3 g6 17. Bh4 Ne7 18. Bd3 Nc5 19. Bc2 Nf5 20. Bf6 0-0 21. Rd1 Rfe8 22. h4 h5 23. Rd2 b5 24. Rhd1 bxc4 25. Kb2 Rab8+ 26. Ka3 Nh6 27. f3 Nf5 28. Bxf5 exf5 29. Rd4 Ne6 30. Rxc4 Rb5 31. Rd7 Reb8 32. Ra4 Nc5 33. Rxc7 Nxa4 34. Kxa4 R5b6 35. Ka3 Rb5 36. Ka4 Rb2 37. Ka3 Rf2 38. e6 fxe6 39. Be5 Rb5 40. Rg7+ Kf8 41. Rxg6 Rxf3 42. Rxe6 Rh3 43. Rxa6 Rxh4 44. Rf6+ Ke8 45. Rxf5 Rh2 46. Rg5 Ra5+ 47. Kb4 Raxa2 48. f5 Rhe2 49. Bd4 Kf7 50. Rxh5 Re8 51. Rh7+ Kg8 52. Rg7+ Kf8 53. f6 Re6 54. Bc5+ 1-0

[Event "RUS-chT blitz"]
[Site "Sochi"]
[Date "2018.10.10"]
[Round "2.5"]
[White "Romanov, Evgeny"]
[Black "Pogromsky, Mikhail"]
[Result "1-0"]
[WhiteElo "2614"]
[BlackElo "2415"]
[PlyCount "95"]
[EventDate "2018.10.10"]
[EventType "team-swiss (blitz)"]
[EventRounds "15"]
[EventCountry "RUS"]
[SourceTitle "CBM 186 Extra"]
[Source "ChessBase"]
[SourceDate "2018.08.24"]
[SourceVersion "1"]
[SourceVersionDate "2018.08.24"]
[SourceQuality "1"]
[WhiteTeam "St Petersburg Strazhi"]
[BlackTeam "Nizhny Tagil Politekhnik"]
[WhiteTeamCountry "RUS"]
[BlackTeamCountry "RUS"]

1. d4 Nf6 2. Bg5 b6 3. Bxf6 gxf6 4. e4 Bb7 5. Nd2 e6 6. Ngf3 c5 7. d5 Bg7 8. c4 0-0 9. Bd3 f5 10. exf5 exd5 11. 0-0 dxc4 12. Nxc4 d5 13. Nce5 Nc6 14. Ng4 c4 15. Bc2 d4 16. Be4 b5 17. Qd2 Re8 18. Rfe1 Rxe4 19. Rxe4 c3 20. Qf4 cxb2 21. Rb1 Ne7 22. Ree1 Nd5 23. Qg3 Kh8 24. Nge5 Qf6 25. Ng5 Rf8 26. Nd7 Qxf5 27. Nxf8 Bxf8 28. Rxb2 Bc6 29. Qe5+ Qxe5 30. Nxf7+ Kg7 31. Nxe5 Be8 32. Nf3 Bd7 33. Nxd4 b4 34. Rd2 Kf7 35. Nb3 Be6 36. g3 Nc3 37. f4 Bg7 38. Kf2 Bf5 39. Nd4 Ne4+ 40. Rxe4 Bxe4 41. Ke3 Bd5 42. Nb5 Bc4 43. Nxa7 Bc3 44. Rc2 Ke6 45. Nc8 Bb5 46. Nb6 Kd6 47. a3 Kc5 48. axb4+ 1-0

[Event "RUS-chT2"]
[Site "Sochi"]
[Date "2018.05.07"]
[Round "6.3"]
[White "Pogromsky, Mikhail"]
[Black "Smirnov, Artem"]
[Result "1/2-1/2"]
[WhiteElo "2416"]
[BlackElo "2400"]
[PlyCount "63"]
[EventDate "2018.05.01"]
[EventType "team-swiss"]
[EventRounds "9"]
[EventCountry "RUS"]
[SourceTitle "CBM 184 Extra"]
[Source "ChessBase"]
[SourceDate "2018.06.28"]
[SourceVersion "1"]
[SourceVersionDate "2018.06.28"]
[SourceQuality "1"]
[WhiteTeam "Sverdlovsk Region"]
[BlackTeam "St Petersburg Law Enforcement"]
[WhiteTeamCountry "RUS"]
[BlackTeamCountry "RUS"]

1. d4 Nf6 2. c4 e6 3. Nf3 Bb4+ 4. Bd2 a5 5. e3 b6 6. Bd3 Bb7 7. 0-0 0-0 8. Nc3 d6 9. Qc2 Nbd7 10. a3 Bxc3 11. Bxc3 c5 12. Ng5 h6 13. Nh7 Nxh7 14. Bxh7+ Kh8 15. Be4 Bxe4 16. Qxe4 Nf6 17. Qd3 cxd4 18. Bxd4 e5 19. Bc3 Qc7 20. Rfd1 Rfd8 21. b4 Rac8 22. bxa5 bxa5 23. h3 Rd7 24. Rab1 a4 25. Bb4 Qc6 26. Rbc1 Ne4 27. Qd5 Kg8 28. Qxc6 Rxc6 29. Rd5 f6 30. f3 Nc5 31. Rcd1 Na6 32. c5 1/2-1/2

[Event "RUS-chT2"]
[Site "Sochi"]
[Date "2018.05.04"]
[Round "4.4"]
[White "Kostin, Alexey"]
[Black "Pogromsky, Mikhail"]
[Result "0-1"]
[WhiteElo "2291"]
[BlackElo "2416"]
[PlyCount "86"]
[EventDate "2018.05.01"]
[EventType "team-swiss"]
[EventRounds "9"]
[EventCountry "RUS"]
[SourceTitle "CBM 184 Extra"]
[Source "ChessBase"]
[SourceDate "2018.06.28"]
[SourceVersion "1"]
[SourceVersionDate "2018.06.28"]
[SourceQuality "1"]
[WhiteTeam "Voronezh Region"]
[BlackTeam "Sverdlovsk Region"]
[WhiteTeamCountry "RUS"]
[BlackTeamCountry "RUS"]

1. e4 c5 2. Nf3 Nc6 3. c3 d5 4. exd5 Qxd5 5. d4 Bf5 6. Be3 cxd4 7. Nxd4 Nxd4 8. Qxd4 Qxd4 9. Bxd4 f6 10. Bb5+ Bd7 11. Bxd7+ Kxd7 12. Be3 e5 13. Ke2 Ne7 14. c4 Rc8 15. Rd1+ Ke6 16. Bxa7 Rxc4 17. Nc3 Nc6 18. Be3 Bb4 19. Kd3 Na5 20. Rac1 Bxc3 21. bxc3 Ra4 22. Rc2 Rd8+ 23. Ke2 Rxd1 24. Kxd1 Nc4 25. Bc5 Kd5 26. Bf8 g6 27. Re2 e4 28. Kc1 f5 29. Bg7 f4 30. Kb1 e3 31. f3 Nd2+ 32. Kb2 Kc4 33. Bh6 Kd3 34. Re1 b5 35. Bg5 Nc4+ 36. Kb1 Kd2 37. Rc1 Rxa2 38. Kxa2 Kxc1 39. Bxf4 Kc2 40. g4 e2 41. Bg3 Kxc3 42. f4 b4 43. Be1+ Kc2 0-1